| 000 | 00994nam a22002777a 4500 | ||
|---|---|---|---|
| 001 | BR6000932 | ||
| 003 | BR-BrBNA | ||
| 005 | 20230928083043.0 | ||
| 007 | ta | ||
| 008 | 230509b bl.||||| |||| 00| 0 por d | ||
| 040 |
_aBR-BrBNA _bpor _cBiblioteca Nacional de Agricultura |
||
| 041 | _a(Por) | ||
| 072 |
_aE50; C00 _b/G514 |
||
| 090 | _ E50 BR6000932 | ||
| 110 | 1 |
_aMinisterio do Trabalho, Porto Alegre, RS (Brasil). Delegacia Regional do Trabalho no Rio Grande do Sul; _97170 |
|
| 110 | 1 | _aSecretaria de Mao de obra, Porto Alegre, RS (Brasil); | |
| 110 | 1 |
_aFundacao Educacional Padre Landell de Moura, Porto Alegre, RS (Brasil) _94881 |
|
| 111 | 1 |
_aSimposio Nacional de Telepromocao Rural _cPorto Alegre, RS (Brasil) _d19 Sep 1976 |
|
| 245 | 1 | _aSimposio nacional de telepromocao rural [Brasil] | |
| 260 | 3 |
_aPorto Alegre, RS (Brasil): _c1976. |
|
| 300 | _a200 p. | ||
| 650 | _aSociologia rural | ||
| 650 | _aExtensao rural | ||
| 909 |
_a202309 _bLucia _c55 _dLucia Elande |
||
| 942 | _cBK | ||
| 999 |
_c11313 _d11313 |
||